[Event "Pula op 31st"]
[Site "Pula"]
[Date "2017.09.16"]
[Round "9"]
[White "Ciganovic, Nikola"]
[Black "Dotlic, Zdravko"]
[Result "1-0"]
[WhiteElo "2238"]
[BlackElo "2015"]
[PlyCount "35"]
[EventDate "2017.09.09"]
[EventType "swiss"]
[EventRounds "9"]
[EventCountry "CRO"]
[SourceTitle "CBM 180 Extra"]
[Source "ChessBase"]
[SourceDate "2017.10.06"]
[SourceVersion "1"]
[SourceVersionDate "2017.10.06"]
[SourceQuality "1"]

1. e4 c5 2. Nf3 d6 3. d4 cxd4 4. Nxd4 Nf6 5. Nc3 g6 6. Be3 Bg7 7. f3 0-0 8. Qd2 Nc6 9. 0-0-0 Nxd4 10. Bxd4 Be6 11. Kb1 Qc7 12. h4 Rfc8 13. h5 Qa5 14. hxg6 Rxc3 15. gxf7+ Bxf7 16. Qxc3 Bxa2+ 17. Ka1 Bb3+ 18. Qxa5 1-0

[Event "CRO-chT2 Center 26th"]
[Site "Croatia"]
[Date "2017.04.09"]
[Round "6.56"]
[White "Plesa, Karlo"]
[Black "Dotlic, Zdravko"]
[Result "0-1"]
[WhiteElo "1710"]
[BlackElo "2012"]
[PlyCount "88"]
[EventDate "2017.03.26"]
[EventType "team-tourn"]
[EventRounds "11"]
[EventCountry "CRO"]
[SourceTitle "EXT 2019"]
[Source "ChessBase"]
[SourceDate "2018.10.10"]
[SourceVersion "1"]
[SourceVersionDate "2018.10.10"]
[SourceQuality "1"]

1. b4 e5 2. Bb2 d6 3. e3 Nf6 4. Nf3 Be7 5. c4 0-0 6. Be2 c6 7. Qc2 Re8 8. 0-0 Nbd7 9. d4 e4 10. Nfd2 d5 11. c5 a6 12. a4 Nf8 13. Nc3 Bg4 14. b5 axb5 15. axb5 Qd7 16. Bxg4 Nxg4 17. h3 Nh6 18. bxc6 bxc6 19. Na4 Qe6 20. Nb6 Rxa1 21. Rxa1 Nf5 22. Ra4 Qg6 23. Qd1 h5 24. Nb3 Bh4 25. Qe2 Nh7 26. Na5 Ng5 27. Kh2 Re6 28. Nd7 Re8 29. Ne5 Rxe5 30. dxe5 Ne6 31. Ba3 d4 32. Nxc6 dxe3 33. fxe3 Qg3+ 34. Kh1 Qg5 35. Kh2 Nxe3 36. Bc1 Qg3+ 37. Kh1 Nf4 38. Qd2 Nexg2 39. Ra3 e3 40. Ne7+ Bxe7 41. Ra8+ Kh7 42. Qd7 Nh4 43. Qb7 Qxh3+ 44. Kg1 Nf3+ 0-1

[Event "CRO-chT4A Center"]
[Site "Zagreb"]
[Date "2010.03.28"]
[Round "2.22"]
[White "Korov, Zvonko"]
[Black "Dotlic, Zdravko"]
[Result "0-1"]
[WhiteElo "2119"]
[BlackElo "1996"]
[PlyCount "118"]
[EventDate "2010.03.21"]
[EventType "team-tourn"]
[EventRounds "11"]
[EventCountry "CRO"]
[SourceTitle "EXT 2012"]
[Source "ChessBase"]
[SourceDate "2011.11.24"]
[SourceVersion "1"]
[SourceVersionDate "2011.11.24"]
[SourceQuality "1"]

1. d4 Nf6 2. c4 g6 3. Nc3 d6 4. e4 Bg7 5. f3 0-0 6. Bg5 Nc6 7. d5 Nb8 8. Qd2 Re8 9. Bd3 Nbd7 10. Nh3 Nc5 11. Nf2 Nxd3+ 12. Nxd3 c5 13. 0-0 a6 14. Rae1 Rb8 15. e5 dxe5 16. Nxe5 Qc7 17. Nd3 Qa5 18. Bf4 Ra8 19. Be5 Bf5 20. Nf2 b5 21. cxb5 axb5 22. b3 b4 23. Na4 Bd7 24. d6 Bxa4 25. bxa4 exd6 26. Qxd6 Re6 27. Qd2 Qxa4 28. Qc1 Qxa2 29. Nd3 Nd7 30. Bxg7 Rxe1 31. Rxe1 Kxg7 32. Nxc5 Nxc5 33. Qxc5 Qa7 34. Qxa7 Rxa7 35. Rb1 Rb7 36. Rb3 Kf6 37. Kf2 Ke5 38. Ke3 Kd5 39. Kd3 Kc5 40. Kc2 Re7 41. Kd2 Kc4 42. Rd3 Ra7 43. Rd6 Ra2+ 44. Ke3 Rxg2 45. Rc6+ Kb3 46. Rc7 Rxh2 47. Rxf7 Kb2 48. Kd3 Rh4 49. Ra7 b3 50. Rb7 h6 51. Rb6 g5 52. Rb5 Ka3 53. Kc3 Rf4 54. Rxb3+ Ka4 55. Kc2 Rc4+ 56. Kb2 Rb4 57. Rxb4+ Kxb4 58. Kc2 Kc4 59. Kd2 Kd4 0-1

[Event "Zagreb op-B"]
[Site "Zagreb"]
[Date "2008.05.15"]
[Round "4"]
[White "Levar, Nenad"]
[Black "Dotlic, Zdravko"]
[Result "1-0"]
[WhiteElo "2183"]
[BlackElo "2009"]
[PlyCount "87"]
[EventDate "2008.05.12"]
[EventType "swiss"]
[EventRounds "9"]
[EventCountry "CRO"]
[SourceTitle "CBM 124 Extra"]
[Source "ChessBase"]
[SourceDate "2008.07.03"]
[SourceVersion "1"]
[SourceVersionDate "2008.07.03"]
[SourceQuality "1"]

1. Nf3 Nf6 2. c4 g6 3. Nc3 d6 4. d4 Bg7 5. e4 0-0 6. Be2 e5 7. 0-0 Nc6 8. d5 Ne7 9. Ne1 Ne8 10. Nd3 f5 11. Bd2 f4 12. Bg4 g5 13. Bxc8 Qxc8 14. f3 Ng6 15. c5 h5 16. h3 Qd7 17. cxd6 cxd6 18. Rc1 a6 19. Na4 Qe7 20. Nb6 Rb8 21. Nf2 Rf7 22. Qb3 Bf8 23. Rc2 Rh7 24. Rfc1 g4 25. fxg4 hxg4 26. Nxg4 Rg7 27. Nh6+ Kh7 28. Nf5 Qg5 29. Nxg7 Bxg7 30. Be1 Nf6 31. Qf3 Rg8 32. Rc7 Kh6 33. Rxb7 Nxe4 34. Qxe4 f3 35. Rc2 Nf4 36. Qxf3 Qf5 37. Rbc7 e4 38. Qe3 Bd4 39. Qxd4 Nxh3+ 40. Kh2 Nf4 41. Qe3 Rg5 42. Rf2 Rg4 43. Rxf4 Rxf4 44. g3 1-0

[Event "Pula op"]
[Site "Pula"]
[Date "2007.06.23"]
[Round "1"]
[White "Dotlic, Zdravko"]
[Black "Stojanovski, Dejan"]
[Result "0-1"]
[WhiteElo "2022"]
[BlackElo "2394"]
[PlyCount "34"]
[EventDate "2007.06.23"]
[EventType "swiss"]
[EventRounds "9"]
[EventCountry "CRO"]
[SourceTitle "CBM 119 Extra"]
[Source "ChessBase"]
[SourceDate "2007.09.04"]
[SourceVersion "1"]
[SourceVersionDate "2007.09.04"]
[SourceQuality "1"]

1. e4 c5 2. Nf3 Nc6 3. d4 cxd4 4. Nxd4 g6 5. Nc3 Bg7 6. Be3 Nf6 7. Bc4 Qa5 8. 0-0 0-0 9. h3 d6 10. Bb3 Bd7 11. f4 Nxd4 12. Bxd4 Bc6 13. e5 dxe5 14. Bxe5 Rad8 15. Qe1 Qb6+ 16. Qf2 Rd2 17. Ne2 Rxe2 0-1

[Event "CRO-chT3 Center"]
[Site "Zagreb"]
[Date "2005.05.22"]
[Round "6.5"]
[White "Dotlic, Zdravko"]
[Black "Brigljevic, Milan"]
[Result "0-1"]
[WhiteElo "2032"]
[BlackElo "2249"]
[PlyCount "40"]
[EventDate "2005.04.03"]
[EventType "team-tourn"]
[EventRounds "11"]
[EventCountry "CRO"]
[SourceTitle "EXT 2007"]
[Source "ChessBase"]
[SourceDate "2006.11.23"]
[SourceVersion "1"]
[SourceVersionDate "2006.11.23"]
[SourceQuality "1"]

1. e4 c5 2. Nf3 e6 3. d4 cxd4 4. Nxd4 Nf6 5. Nc3 d6 6. Be2 Be7 7. 0-0 Nc6 8. Be3 0-0 9. f4 e5 10. Nb3 a5 11. a4 Be6 12. Kh1 exf4 13. Rxf4 d5 14. Bc5 dxe4 15. Bxe7 Qxe7 16. Nxe4 Nd5 17. Rf2 Ne3 18. Qd3 Nxc2 19. Qxc2 Bxb3 20. Nf6+ Qxf6 0-1

[Event "Zagreb op"]
[Site "Zagreb"]
[Date "1998.01.05"]
[Round "3"]
[White "Krstic, Uros"]
[Black "Dotlic, Zdravko"]
[Result "1-0"]
[WhiteElo "2265"]
[BlackElo "2040"]
[PlyCount "53"]
[EventDate "1998.01.03"]
[EventType "swiss"]
[EventRounds "9"]
[EventCountry "CRO"]
[SourceTitle "CBM 062 Extra"]
[Source "ChessBase"]
[SourceDate "1998.03.09"]
[SourceVersion "1"]
[SourceVersionDate "1998.03.09"]
[SourceQuality "1"]

1. e4 c6 2. d4 d5 3. Nd2 dxe4 4. Nxe4 Nf6 5. Nxf6+ gxf6 6. c3 Bf5 7. Nf3 Bg4 8. h3 Bxf3 9. Qxf3 e6 10. Bf4 Nd7 11. 0-0-0 Qa5 12. Kb1 0-0-0 13. Bc4 h5 14. Bh2 Qg5 15. Bf4 Qf5+ 16. Bd3 Qd5 17. Be4 Qb5 18. c4 Qa4 19. d5 f5 20. dxc6 fxe4 21. Rxd7 Qxc6 22. Rxd8+ Kxd8 23. Rd1+ Ke8 24. Qc3 Rg8 25. Qe5 Bd6 26. Rxd6 Qc7 27. Qxe4 1-0

[Event "CRO-ch"]
[Site "Zagreb"]
[Date "1993.??.??"]
[Round "2"]
[White "Dotlic, Zdravko"]
[Black "Brigljevic, Milan"]
[Result "0-1"]
[WhiteElo "2200"]
[BlackElo "2260"]
[PlyCount "66"]
[EventDate "1993.??.??"]
[EventType "swiss"]
[EventRounds "9"]
[EventCountry "CRO"]
[SourceTitle "EXT 2002"]
[Source "ChessBase"]
[SourceDate "2001.11.25"]
[SourceVersion "1"]
[SourceVersionDate "2001.11.25"]
[SourceQuality "1"]

1. e4 c5 2. Nf3 e6 3. d4 cxd4 4. Nxd4 Nf6 5. Nc3 d6 6. Be2 Be7 7. 0-0 0-0 8. Kh1 Nc6 9. Be3 e5 10. Nb3 a5 11. a4 Be6 12. Bf3 Nb4 13. Bg5 h6 14. Bxf6 Bxf6 15. Nd5 Nxd5 16. exd5 Bf5 17. Bg4 Bh7 18. Be2 e4 19. c3 Qb6 20. Bb5 Rac8 21. Qe2 Qd8 22. f3 exf3 23. Qxf3 Be5 24. Nd2 Qg5 25. Nc4 Rxc4 26. Bxc4 Qh4 27. h3 Qxc4 28. Rfe1 Bc2 29. Qe2 Bd3 30. Qf3 f5 31. Rad1 Be4 32. Qe2 Bxd5 33. Qf2 Bc6 0-1